| 000 | 00948nam a2200217Ia 4500 | ||
|---|---|---|---|
| 999 |
_c38139 _d38139 |
||
| 001 | 4129 | ||
| 003 | GE_BSU | ||
| 005 | 20190927113626.0 | ||
| 008 | 181216s1982||||ge |||||||||||||| ||geo|| | ||
| 040 | _cGE_BSU | ||
| 041 | _ageo | ||
| 080 | _a39(479.9)+633.2 ქ–22 | ||
| 100 |
_aქანთარია, მ. _94348 |
||
| 245 |
_aყაბარდოს სამეურნეო ყოფის ისტორიიდან / _cრედ. ალ. რობაქიძე. |
||
| 264 |
_aთბ. : _bმეცნიერება, _c1982. |
||
| 300 |
_a245 გვ. ; _b21 სმ. |
||
| 653 | _aყაბარდოელების ეთნოგრაფია | ||
| 700 |
_aრობაქიძე, ალ. _eრედაქტორი _94349 |
||
| 710 |
_aივ. ჯავახიშვილის სახ. ისტორიის, არქეოლ. და ეთნოგრ. ინ-ტი. _94350 |
||
| 942 |
_cBK _2udc |
||